000 01084nam a2200301 i 4500
001 bg
100 1 _aLewandowski, Jerzy.
245 1 0 _aMikroklimat w obiektach inwentarskich dla ptactwa :
_b[poradnik] /
_cJerzy Lewandowski ; Instytut Budownictwa, Mechanizacji i Elektryfikacji Rolnictwa.
260 _aWarszawa :
_bInstytut Budownictwa, Mechanizacji i Elektryfikacji Rolnictwa,
_c1998.
300 _a166 s. :
_bmapy, rys. ;
_c29 cm.
504 _aBibliogr. i wykaz norm s. 144-166.
650 9 _aIzolacje cieplne
650 9 _aKurnik
_xmikroklimat
650 9 _aTemperatura powietrza
650 9 _aWentylacja
650 9 _aWilgotność powietrza
655 _aPoradniki
710 0 _aInstytut Budownictwa, Mechanizacji i Elektryfikacji Rolnictwa
020 _a8386264462
040 _cBPK
041 0 _apol
044 _aPOL
080 _a631.2:628.8:697
920 _a83-86264-46-2
942 _cKS
008 s pl f |000 0 pol
999 _c54979
_d54979
856 _uhttp://koha.tu.koszalin.pl/cgi-bin/koha/opac-detail.pl?biblionumber=54979
_yKatalog online BPK